00465 2200193 4500001002100000005001500021035002000036245005100056100001800107250000600125300002900131856001200160260003900172082000800211084001400219600001000233990001400243990001400257INLIS00000000000159120250422083654 a0010-04250000071 aRintihan Diantara Batu Karang /cLukas Atakasi0 aLukas Atakasi a1 a99 hlm :bIlust ;c21 cm aRak 800 aYogyakarta :bSasmita Utama,c1999 a800 a800 LUK r 4aFiksi a04.201040 a04.201041